000 00482nam a2200181Ia 4500
001 1903
005 20260306143803.0
008 260306t2017||||xx |||||||||||||| ||spa||
041 _aESP
082 _a158.1
_bH78
100 _aHougaard, Rasmus
_eAUT
245 0 _aUn segundo de ventaja:
_bmindfulness para organizaciones. Saca lo mejor de ti y de tu equipo
260 _c2017
300 _a282 páginas :
_c21 cm.
650 _aGEN
654 _aCPS
942 _cLIB
_dJUS
_fJUS
_2ddc
_n
999 _c1903
_d1903